[Event "Mittelfranken-chTB2a 1920"]
[Site "Mittelfranken"]
[Date "2020.03.22"]
[Round "8.4"]
[White "Hermann, Marc"]
[Black "Witkowski, Thomas"]
[Result "0-1"]
[WhiteElo "1575"]
[BlackElo "1892"]
[PlyCount "88"]
[EventDate "2019.10.13"]
[EventType "team-tourn"]
[EventRounds "9"]
[EventCountry "GER"]
[SourceTitle "EXT 2023"]
[Source "ChessBase"]
[SourceDate "2022.10.05"]
[SourceVersion "1"]
[SourceVersionDate "2022.10.05"]
[SourceQuality "1"]
[WhiteTeam "Fuerth SG II"]
[BlackTeam "Fuerth SF"]
[WhiteTeamCountry "GER"]
[BlackTeamCountry "GER"]

1. c4 e5 2. Nc3 Nc6 3. g3 Bc5 4. e3 d6 5. Nge2 h5 6. h4 Bg4 7. Bg2 Nh6 8. Qa4 Qd7 9. d4 Bb6 10. b4 a6 11. b5 Nd8 12. Rb1 Ra7 13. bxa6 Qxa4 14. Nxa4 Rxa6 15. Nxb6 Bxe2 16. Nd5 Rxa2 17. Nb4 Bxc4 18. Nxa2 Bxa2 19. Rb2 Bc4 20. Bxb7 Kd7 21. Bf3 Re8 22. Rb4 d5 23. Bb2 Nc6 24. Ra4 exd4 25. Ra3 Ne5 26. Be2 Rb8 27. Bxd4 Rb1+ 28. Kd2 Rxh1 29. Bxe5 Bxe2 30. Kxe2 Ng4 31. Bf4 c6 32. Ra7+ Ke6 33. Ra6 Rc1 34. e4 Rc4 35. exd5+ Kxd5 36. f3 Nf6 37. Bg5 Nd7 38. Ra7 Ke6 39. f4 f6 40. f5+ Kxf5 41. Bf4 Ke6 42. Ra8 g6 43. Re8+ Kf5 44. Kd3 Re4 0-1